00408 a2200121 450000500170000002000220001708200150003924500810005426000510013530000410018670000230022770000360025020250626145135.0 a978-1-78254-782-2 a658.00 HAS aHandbook of Longitudal Research Methods in Organisation and Business Studies aLondonbEdward Elgar Publishing Limitedc2013. axi,362p.: ill.; figuresbIndexc23cm aMelanie E. Hassett aEriikka Paavilainen- Maantymaki